000 01343cam a2200277 4500
008 040405n1993 000 0 eng u
020 _a0333527410
035 _a(Sirsi) u125743
041 _aeng.
050 _a711
100 _aRydin, Yvonne
245 4 _aThe British planning system
_ban introduction
260 _aBasingstoke
_bMacmillan
_c1993
300 _axvii, 404p.
_c24cm
350 _a14.99
490 _aGovernment Beyond the Centre
520 _aPart of a series on sub-central government and administration. Examines the relationship of the British planning system to urban and environmental planning. Provides an account of the historical development of British planning and the main theoretical and practical developments of each period. Covers land use, conservation, countryside, environmental, urban and transport policy. Considers how planning interacts with the political and economic situation and looks at the roles of the state, professionals and the public in the planning process. Case studies, summary charts and exhibits.
650 _aPLANNING PROCESS
650 _aPLANNING SYSTEM
650 _aURBAN PLANNING
650 _aENVIRONMENTAL PLANNING
650 _aLand use
_96251
650 _aCONSERVATION
690 _aENVIRONMENTAL AND LAND CONSULTANCY-PLANNING AND DEVELOPMENT
942 _n0
999 _c103460
_d103460